| 000 | 00698nam a22001577a 4500 | ||
|---|---|---|---|
| 003 | OSt | ||
| 005 | 20190717101704.0 | ||
| 008 | 190717b xxu||||| |||| 00| 0 eng d | ||
| 040 | _cRUA | ||
| 082 | _aAGR SAN 2017 B635 Or.1 | ||
| 100 |
_913652 _aSAN KOSAL សាន កុសល |
||
| 245 | _aefficiency of gcm fertilizers on growth corn crop at royal university of agriculture ប្រសិទ្ធភាពនៃ ជី GCMលើកការលូតលាស់ដំណាំពោតដំណើបនៅសាកលវិទ្យាល៍យភូមិន្ទកសិកម្ម | ||
| 260 |
_aRUA _bPHNOM PENH _c2017 |
||
| 300 |
_aX;33P _bILL; _c29cm |
||
| 942 |
_2ddc _cAGR |
||
| 999 |
_c17986 _d17986 |
||